Online
Catalog

La educación en democracia : (Record no. 22575)

MARC details
000 -CABECERA
campo de control de longitud fija 00859nam a2200241 a 4500
001 - NÚMERO DE CONTROL
campo de control 000023078
005 - FECHA Y HORA DE LA ÚLTIMA TRANSACCIÓN
campo de control 20250509170321.0
008 - DATOS DE LONGITUD FIJA--INFORMACIÓN GENERAL
campo de control de longitud fija 101126s1993 ag r 000 | spa d
020 ## - NÚMERO INTERNACIONAL ESTÁNDAR DEL LIBRO
Número Internacional Estándar del Libro 9506943001
040 ## - FUENTE DE LA CATALOGACIÓN
Centro catalogador/agencia de origen DO-SdBNP
Lengua de catalogación spa
Centro/agencia transcriptor BNPHU
082 ## - NÚMERO DE LA CLASIFICACIÓN DECIMAL DEWEY
Número de clasificación 370
Número de documento/Ítem H584e
049 ## - FONDOS LOCALES (OCLC)
Fondos de biblioteca BNGR
100 1# - ENTRADA PRINCIPAL--NOMBRE DE PERSONA
Nombre de persona Heslep, Robert D.
9 (RLIN) 47512
245 13 - MENCIÓN DE TÍTULO
Título La educación en democracia :
Resto del título la función moral de la educación en el estado democrático /
Mención de responsabilidad, etc. Robert D. Heslep. ; traducción Mariá Elena Aramburú.
300 ## - DESCRIPCIÓN FÍSICA
Extensión 266 p. ;
Dimensiones 20 cm.
490 1# - MENCIÓN DE SERIE
Mención de serie Estudios Políticos y Sociales
500 ## - NOTA GENERAL
Nota general Incluye notas al pie de páginas
534 ## - NOTA SOBRE LA VERSIÓN ORIGINAL
Encabezamiento principal del original Título original :
Mención de título del original Education in democracy.
650 #0 - PUNTO DE ACCESO ADICIONAL DE MATERIA--TÉRMINO DE MATERIA
Término de materia o nombre geográfico como elemento de entrada Educación
9 (RLIN) 51588
650 #4 - PUNTO DE ACCESO ADICIONAL DE MATERIA--TÉRMINO DE MATERIA
Término de materia o nombre geográfico como elemento de entrada Autonomía en la educación
9 (RLIN) 17393
700 1# - PUNTO DE ACCESO ADICIONAL--NOMBRE DE PERSONA
Nombre de persona Aramburú, Mariá Elena
Término indicativo de función/relación tr.
9 (RLIN) 47513
830 #0 - PUNTO DE ACCESO ADICIONAL DE SERIE-TÍTULO UNIFORME
Título uniforme Estudios Políticos y Sociales
9 (RLIN) 28833
Holdings
Estado de retiro Estado de pérdida Restricciones de uso No para préstamo Código de colección Localización permanente Ubicación/localización actual Ubicación en estantería Fecha de adquisición Número de inventario Total de préstamos Signatura topográfica completa Código de barras Fecha visto por última vez Precio válido a partir de Tipo de ítem Koha
      Excluido de préstamo Monografías: Libros y Folletos General General En catalogación 26.11.2010 LF1   370 H584e 23078-10 25.06.2020 25.06.2020 No se presta

Powered by Koha